000 00469nam a2200169Ia 4500
003 GCL
008 140319s9999 xx 000 0 eng d
040 _aGCL /
_cGCL
082 0 4 _a303.376
_bJ O
100 1 _aJANSEN, SUE CURRY
245 1 0 _aCENSORSHIP: THE KNOT THAT BINDS POWER AND KNOWLEDGE /
_cJANSEN, SUE CURRY
260 _a[S.N] :
_bOXFORD UNIVERSITY PRESS ،
_c1991
300 _a282 P
650 0 4 _aSOCIAL CONTROL
650 0 4 _aCENSORSHIP
942 _2ddc
_cBK
999 _c14160
_d14160